000 02597nam a2200433 c 4500
001 53191
003 ES-MaCES
005 20250203133029.0
008 240521s2024 fr 000 | fre d
020 _a9791021060692
040 _aES-MaCES
_bspa
_cES-MaCES
100 1 _aGomart, Thomas
_940034
245 1 2 _aL'accélération de l'histoire
_b: les noeuds géostratégiques d'un monde hors de contrôle
_cThomas Gomart
260 _a[Paris]
_bTallandier
_c[2024]
300 _a168 p., [5 h.]
_c20 cm
490 1 _aEssais
500 _aÍndices
504 _aBibliografía: p. 153-165
520 3 _aAgresión de Rusia a Ucrania en 2022, amenaza repetida de China a Taiwán, ataque de Hamás a Israel en 2023, rearme global desde hace una década: Europa observa como espectadora atónita el deterioro de su entorno geoestratégico. Para prepararnos para futuras crisis, Thomas Gomart analiza la interconexión de los conflictos. Se está produciendo una doble aceleración geopolítica y geoeconómica en un contexto de creciente rivalidad chino-estadounidense, acercamiento chino-ruso, fortalecimiento de la OTAN y surgimiento político del "Sur global". El autor señala el peligro de estas zonas fundamentales donde se concentra el comercio vital: los mares de China con su flujo de microprocesadores en el estrecho de Taiwán, la Península Arábiga y su continuo tráfico de hidrocarburos, el Mediterráneo oriental por donde transita el trigo. Busca conectar las trayectorias simultáneas de Rusia, Irán y Corea del Norte, a través de las cuales se combinan tres posibles crisis nucleares. Ante la aceleración, los europeos se encuentran cada vez más solos. Es hora de que pongan a prueba su voluntad de actuar y su capacidad para permanecer en la historia. Comienza con un ejercicio de lucidez. ¿Podrán hacerlo?
541 _cCompra
650 4 _ageografía política
_928776
650 4 _ageografía económica
_928772
650 4 _apolítica exterior
_926687
650 4 _apolítica de defensa
_926692
650 4 _aconflicto armado
_930364
650 4 _aglobalización económica
_930653
650 4 _anuevo orden económico internacional
_929223
650 4 _arelaciones internacionales
_926675
650 4 _aEstados Unidos
_928373
650 4 _aRusia, Federación (1991- )
_930484
650 4 _aChina
_926909
650 4 _aEuropa
_926940
650 4 _apapel de Europa
_929106
650 4 _afuturo
_928901
653 1 0 _aCiencias Sociales-Políticas
830 0 _940035
_aEssais (Tallandier Editions)
902 _aLIB Libro
942 _2CES
_cBK
_h7.0.
999 _c53191
_d53191